000 01132nas a2200349 4500
001 BR2012000695
003 BR-BrBNA
005 20231205120107.0
007 ta
008 230509b bl.|||p| |||| 00| 00por d
040 _aBR-BrBNA
_bpor
_cBiblioteca Nacional de Agricultura
041 _a(Pt)
072 _aL51
100 1 _aLehnen, C.R.
100 1 _aLovatoo, P.A.
100 1 _aAndretta, I.
100 1 _aRossi, C.A.
100 1 _aHauschild, L.
100 1 _aFraga, B.N.
100 1 _aGarcia, G.G.
245 1 _aDigestibilidade das dietas e metabolismo de suínos alimentados com dietas contendo bentonita sódica em diferentes programas alimentares
246 1 _aDigestibility of diets and metabolism of pigs fed with diets contining sodium bentonite in different feeding programs
650 _aDIGESTIBILIDADE
650 _aDIETA
650 _aMETABOLISMO
650 _aBENTONITA
650 _aMINERAL
650 _aSUÍNO
773 0 _tCiência Rural (Brazil)
_xISSN 0103-8478
_g(Dec 2011), v. 41(12) p. 2164-2170
_wBR2012000695
909 _a202311
_bLúcia
_c55
_dLúcia Elande
942 _2AGRIS
_n0
_cANA
999 _c217030
_d217030